1577 1458 1446 2000 1650 1058 1577 1519 1330 1982 1990 1075 1766 1918 1571 1765 1074 1191 1663 1060 1059 1597 1968 1452 1249 1950 1449 1950 1154 1781 1893 1874 1770 1488 1255 1745 1667 1952 1457 1932 1837 1946 1908 1500 1763 1787 1827 1624 1725 1029 1659 1294 1116 1961 1649 1280 1775 1771 1121 1744 1552 1540 1191 1976 1274 1896 1779 1260 1436 1468 1113 1570 1974 1570 1612 1979 1845 1542 1683 1952 1522 1891 1037 1195 1371 1558 1411 1371 1468 1480 1255 1242 1978 1135 1301 1617 1936 1123 1658 BCNSPRNW ULIB Ver.6.0+V

เปลี่ยนเป็นภาษาไทย

Change to English
 แสดงรายละเอียดบรรณานุกรม
  กลับหน้าหลัก

Brief Record : Get Marc (ISO 2709) : E-mail record : QR code < ปิดหน้าต่าง
LEADER : 00000nam 2200000uu 4500
001    13399113995
003     ULIB
008    120124s||||||||th 000 0 tha d
020    ^a9786110600835
090    ^aนว.^bช352ห
100 0  ^aชัชชมนต์
245 00 ^aหลอนรักนักเขียนผี/^cชัชชมนต์
260    ^aกรุงเทพฯ :^bแจ่มใส,^c2552
300    ^a248 หน้า
710 1  ^aแจ่มใส
945    ^p159^l0^i027756
995    ^aเกษร
999    ^aใช้งานได้ทุกระบบ
รายการนี้ยังไม่มีแท็ก
คุณยังไม่ได้ล็อกอิน คุณสามารถมีกิจกรรมร่วมกับเว็บไซต์ได้ แต่ต้องล็อกอินก่อน ::
  ล็อกอิน

รายการสื่อสารสนเทศ

ลำดับที่ ประเภท เลขเรียก/บาร์โค้ด สถานที่ สถานะ
- ไม่พบข้อมูล -

BibComment


ยังไม่เคยถูกคอมเมนท์

คอมเมนท์ทรัพยากรรายการนี้
  คอมเมนท์: หลอนรักนักเขียนผ..


 Copyright 2026. Bcnsprnw @Library